000 00815nam a2200253Ia 4500
003 OSt
005 20220918223630.0
006 a|||||r|||| 00| 0
007 ta
008 220917b |||||||| |||| 00| 0 eng d
024 _a224,209
037 _cTextual
040 _aARTS
_cARTS
_beng
041 _2eng
_aeng
082 _aWx1,1:g, 111P5.1-.2
100 _aNarain V. Ed.
_9146208
245 0 _aKautiliya arthasastra
_b Sanskrit text with English translation and an exhaustive introduction
260 _aDelhi
_bChaukhamba sanskritpratishthan
_c2005
490 _athe vrajaivan indological studies
650 _aPOLITICAL SCIENCE
700 _a Shamasastry R. Tr.
_9146209
942 _hWx1,1:g, 111P5.1-.2
_cTEXL
_2CC
999 _c279000
_d279000